| 000 | 00482nam a2200193Ia 4500 | ||
|---|---|---|---|
| 003 | GCL | ||
| 008 | 140319s9999 xx 000 0 eng d | ||
| 040 |
_aGCL / _cGCL |
||
| 082 | 0 | 4 |
_a412 _bGC |
| 100 | 1 | _aGREEN BAUN, SIDNEY | |
| 245 | 1 | 0 |
_aTHE COMPLETE PLAIN WORDS / _cGREEN BAUN, SIDNEY |
| 700 | 1 | _aWHITCUT, JANET | |
| 700 | 1 | _aGOWERS, ERNEST | |
| 260 |
_a[S.N] : _blondon ، _c1986 |
||
| 300 | _a288 PP | ||
| 650 | 0 | 4 | _aTRADE |
| 650 | 0 | 4 | _aWRITING - SKILLS |
| 942 |
_2ddc _cBK |
||
| 999 |
_c18043 _d18043 |
||